01561 2200301 4500001002100000005001500021035002000036007000300056008004100059020002200100082001200122084001800134100002700152245009500179250001700274300003700291650001500328650002500343650001200368700003100380700002800411520070500439264003201144336002101176337003001197338002301227990000901250INLIS00000000000283520250923085136 a0010-0925000067ta250923 g 0 ind  a978-634-7049-18-6 a631.585 a631.585 HAN h0 aHan ChandraePengarang1 aHidroponik Sederhana /cHan Chandra ; penyunting, Ayu Prameswary ; ilustrator, Han Chandra aCetakan 2024 a56 halaman :bilustrasi ;c21 cm 4aHidroponik 4aBudidaya tanpa tanah 4aTanaman0 aAyu PrameswaryePenyunting0 aHan ChandraeIlustrator aBuku Hidroponik Sederhana menyajikan panduan praktis bagi siapa saja yang ingin mulai bercocok tanam tanpa tanah. Dengan pendekatan yang mudah dipahami dan langkah-langkah yang bisa langsung diterapkan, penulis membimbing pembaca mengenal sistem hidroponik dari nol—mulai dari alat dan bahan yang dibutuhkan, cara merakit instalasi sederhana, hingga teknik merawat tanaman agar tumbuh optimal. Ditujukan untuk pemula, pelajar, maupun penghobi berkebun di lahan terbatas, buku ini mengajak pembaca memanfaatkan ruang sempit seperti halaman rumah, balkon, atau bahkan sudut dapur untuk menghasilkan sayuran sehat dan segar. Cocok sebagai bahan edukasi maupun inspirasi gaya hidup hijau di perkotaan. aJakarta :bAkar Kata,c2024 2rdacontentateks 2rdamediaatanpa perantara 2rdacarrieravolume a7283